000
00343 a2200169 4500
001
60090
020
_a
9788508125968
040
_c
Anchieta - Pituba
100
_a
Alencar, José de
240
1
0
_a
Iracema
_l
por
245
1
0
_a
Iracema
300
_a
125
362
0
_a
2009
440
1
_a
Ática
650
4
_a
Ficção brasileira
942
_c
BK
999
_c
60090
_d
60090